[Event "AUTO-OPEN-4590"]
[Site "http://www.queenalice.com/game.php?id=1856277"]
[Date "2025.4.26"]
[Round "1"]
[White "danielglowinski"]
[Black "SGF"]
[Result "1-0"]
[WhiteElo "2487"]
[BlackElo "1752"]

1. e4 e5 2. Nf3 Qf6 3. Nc3 c6 4. d4 d6 5. Bg5 Qg6 6. dxe5 h6 7. Bf4 Bg4 8. exd6
Nd7 9. Qd4 Bxf3 10. gxf3 Ngf6 11. O-O-O c5 12. Qa4 a5 13. e5 Nh5 14. Bh3 Rd8 15.
Nb5 f5 16. Nc7+ Kf7 17. Qc4+ Qe6 18. Nxe6 Rc8 19. Ng5+ Kg6 20. Qf7# 1-0

[Event "AUTO-OPEN-4590"]
[Site "http://www.queenalice.com/game.php?id=1856278"]
[Date "2025.4.26"]
[Round "1"]
[White "SGF"]
[Black "danielglowinski"]
[Result "0-1"]
[WhiteElo "1866"]
[BlackElo "2488"]

1. e4 e5 2. Qf3 Nf6 3. d3 Nc6 4. c3 Be7 5. Be2 O-O 6. Qg3 d5 7. Bh6 Ne8 8. exd5
Qxd5 9. Nd2 f5 10. Bf3 Qd8 11. c4 f4 12. Bxf4 exf4 13. Bd5+ Kh8 14. Qf3 Nd4 15.
Qxf4 Rxf4 16. O-O-O Rxf2 17. Ne4 Rxg2 18. Nd6 Bxd6 19. Bxg2 Qg5+ 20. Rd2 Bb4 21.
Nf3 Nxf3 22. Bxf3 Qxd2+ 23. Kb1 Qxd3+ 24. Kc1 Qxf3 25. Rd1 Bf5 26. h4 Qe3+ 27.
Rd2 Qxd2# 0-1

[Event "AUTO-OPEN-4540"]
[Site "http://www.queenalice.com/game.php?id=1857734"]
[Date "2025.5.24"]
[Round "2"]
[White "danielglowinski"]
[Black "josebaron"]
[Result "1/2-1/2"]
[WhiteElo "2486"]
[BlackElo "2143"]

1. e4 e5 2. Nf3 Nc6 3. Bc4 Bc5 4. O-O Nf6 5. Re1 O-O 6. Nc3 d6 7. h3 Be6 8. d3
Bxc4 9. dxc4 h6 10. Nd5 a5 11. c3 a4 12. Bd2 Kh8 13. Qc2 Nh5 14. b4 axb3 15.
axb3 Rxa1 16. Rxa1 Nf6 17. b4 Bb6 18. Qd3 Nxd5 19. exd5 Ne7 20. Be3 Bxe3 21.
Qxe3 b6 22. Qe2 Ng6 23. g3 f5 24. Kg2 Qe8 25. Ra7 Qb8 1/2-1/2

[Event "AUTO-OPEN-4540"]
[Site "http://www.queenalice.com/game.php?id=1857735"]
[Date "2025.5.24"]
[Round "2"]
[White "josebaron"]
[Black "danielglowinski"]
[Result "1/2-1/2"]
[WhiteElo "2170"]
[BlackElo "2495"]

1. e4 e5 2. Nf3 Nf6 3. Nc3 d6 4. d4 exd4 5. Nxd4 Be7 6. Be2 O-O 7. O-O c5 8. Nf5
Bxf5 9. exf5 Nc6 10. Bf3 Qd7 11. Bxc6 bxc6 12. Qf3 d5 13. a4 d4 14. Ne4 Nxe4 15.
Qxe4 c4 16. Bd2 Rfe8 17. Rad1 Bf6 18. Qf3 Re5 19. g4 Rd5 20. b3 cxb3 21. cxb3 d3
22. Rb1 1/2-1/2

[Event "Challenge"]
[Site "http://www.queenalice.com/game.php?id=1858118"]
[Date "2025.6.1"]
[Round "-"]
[White "jogo"]
[Black "danielglowinski"]
[Result "0-1"]
[WhiteElo "1695"]
[BlackElo "2486"]

1. e4 e5 2. Nf3 Nc6 3. c3 Nf6 4. d4 d5 5. dxe5 Nxe4 6. h3 Bc5 7. Be3 Bxe3 8.
fxe3 Nxe5 9. Nxe5 Qh4+ 10. g3 Qxg3+ 0-1

[Event "Challenge"]
[Site "http://www.queenalice.com/game.php?id=1858119"]
[Date "2025.6.1"]
[Round "-"]
[White "danielglowinski"]
[Black "jogo"]
[Result "1-0"]
[WhiteElo "2492"]
[BlackElo "1643"]

1. e4 c5 2. Nf3 d6 3. d4 cxd4 4. Nxd4 Nf6 5. Nc3 a6 6. Be3 b5 7. Be2 b4 8. Nd5
Nxd5 9. exd5 g6 10. O-O e5 11. dxe6 fxe6 12. Bg4 1-0